| 000 | 00394nam a2200157Ia 4500 | ||
|---|---|---|---|
| 008 | 230718s9999 xx 000 0 und d | ||
| 041 | _aeng | ||
| 082 |
_a658 _bDVO |
||
| 100 |
_aDvorak J.C. _9147283 |
||
| 245 | _aDvorak Predicts | ||
| 260 |
_c1994 _bOsborne McGraw-Hill |
||
| 300 | _a171 | ||
| 365 |
_cRs. _b315.40 |
||
| 700 |
_aDvorak J.C. _9147283 |
||
| 906 |
_dB:98712-May-1995 _cOTH _b47.31 |
||
| 999 |
_c293767 _d293767 |
||